Oulu visa kuvina - Statistics

Yleistilastot
  • Tätä visaa on pelattu 182 kertaa
  • Keskiarvotulos 14 / 28
Vastaustilastot
Kuvavisa Vastaus % Oikein
Nallikari
96%
Toripolliisi
93%
Ouluhalli
87%
Oulun kauppahalli
86%
Tietomaa
83%
Oulun tuomiokirkko
81%
Oulun kaupungintalo
79%
Kivisydän
76%
Oulun yliopistollinen sairaala
73%
Linja-autoasema
65%
Pekuri
65%
Ruskotunturi
65%
Ainolanpuisto
61%
Oulun vankila
60%
Oulun yliopisto
51%
Tähtitorni
49%
Automuseo
44%
Oulun pääkirjasto
40%
Kuusisaari
30%
Oulun hautausmaa
29%
Kierikkikeskus
27%
Kulttuuritalo Valve
26%
Erkkolan silta
21%
Merikosken voimalaitos
16%
Hiukkavaaratalo
13%
Oulun musiikkikeskus
12%
Franzenin talo
8%
Oulun kiipeilykeskus
5%
Ehtoja vastaavia visoja ei löytynyt
Tulosjakauma
Jokaisen tuloksen saaneiden osuus
Persentiili vastausten määrän mukaan
Tuloshistoriasi
Et ole pelannut tätä visaa